Statistics for Top 15 Countries with Covid-19 Cases - 23 November

Click here to take the quiz!

General Stats

  • This quiz has been taken 23 times
  • The average score is 16 of 25

Answer Stats

country% Correct
United States
95%
Brazil
91%
Germany
91%
India
91%
Italy
91%
United Kingdom
91%
France
86%
Mexico
86%
Spain
86%
Russia
82%
Belgium
77%
Argentina
73%
Colombia
68%
Poland
68%
Iran
64%
Peru
59%
Czechia
45%
Switzerland
41%
Panama
32%
Armenia
27%
Bahrain
27%
Israel
27%
Qatar
27%
Kuwait
23%
Slovenia
9%

Score Distribution

Percentile by Number Answered

Percent of People with Each Score

Your Score History

You have not taken this quiz